[Event "Belgrade tt Cup"]
[Site "Belgrade"]
[Date "2005.04.09"]
[Round "5"]
[White "Trifunovic, Dragoljub"]
[Black "Djukic, Slobodan"]
[Result "1-0"]
[WhiteElo "2064"]
[BlackElo "2214"]
[PlyCount "68"]
[EventDate "2005.04.05"]
[EventType "tourn"]
[EventRounds "5"]
[EventCountry "YUG"]
[SourceTitle "CBM 105 Extra"]
[Source "ChessBase"]
[SourceDate "2005.05.01"]
[SourceVersion "1"]
[SourceVersionDate "2005.05.01"]
[SourceQuality "1"]

1. e4 e6 2. d4 d5 3. Nc3 Bb4 4. e5 c5 5. a3 Bxc3+ 6. bxc3 Qc7 7. Nf3 Nc6 8. Be2 Nge7 9. 0-0 Bd7 10. a4 b6 11. Re1 Na5 12. Qd2 h6 13. h4 Rc8 14. Ba6 Rb8 15. Qf4 b5 16. Bxb5 Bxb5 17. axb5 Rxb5 18. Ba3 Nb7 19. Qd2 0-0 20. Rab1 Rxb1 21. Rxb1 Nc6 22. g4 f6 23. Re1 Nca5 24. Bc1 Nc4 25. Qe2 fxe5 26. Nxe5 Nxe5 27. Qxe5 Qxe5 28. Rxe5 Kf7 29. c4 Rd8 30. cxd5 exd5 31. dxc5 Nxc5 32. Bb2 Ne6 33. Rf5+ Kg8 34. h5 d4 1-0

[Event "Belgrade tt Cup"]
[Site "Belgrade"]
[Date "2005.04.08"]
[Round "4"]
[White "Djukic, Slobodan"]
[Black "Stankovic, Tomislav"]
[Result "1-0"]
[WhiteElo "2214"]
[BlackElo "2145"]
[PlyCount "98"]
[EventDate "2005.04.05"]
[EventType "tourn"]
[EventRounds "5"]
[EventCountry "YUG"]
[SourceTitle "CBM 105 Extra"]
[Source "ChessBase"]
[SourceDate "2005.05.01"]
[SourceVersion "1"]
[SourceVersionDate "2005.05.01"]
[SourceQuality "1"]

1. e4 e5 2. Nf3 Nc6 3. Bb5 Nd4 4. Ba4 Nxf3+ 5. Qxf3 c6 6. 0-0 Nf6 7. Re1 Be7 8. c3 0-0 9. d4 d6 10. h3 Be6 11. Bc2 Qb6 12. Qd1 Rad8 13. b3 Ne8 14. Be3 Qc7 15. d5 cxd5 16. exd5 Bd7 17. f4 f5 18. c4 Bf6 19. Nc3 a6 20. Rc1 Rc8 21. Ne2 g6 22. Qd2 Qd8 23. Bd3 Ng7 24. Qb4 e4 25. Bb1 Qc7 26. Bb6 Qb8 27. a4 Bd8 28. a5 Nh5 29. Qc3 Nf6 30. Qe3 Be7 31. b4 Be8 32. Ba2 Bf7 33. Qd2 Bd8 34. Bd4 Qc7 35. Qb2 Qe7 36. c5 Ne8 37. Qd2 Qd7 38. Bc4 Nf6 39. c6 Qe7 40. Bxf6 Qxf6 41. cxb7 Rb8 42. Bxa6 Qe7 43. Rc8 Rxb7 44. Bxb7 Qxb7 45. Rc6 Be7 46. Rec1 Qb5 47. Rb6 Qa4 48. Qb2 Be8 49. Nd4 Bd7 1-0

[Event "Belgrade tt Cup"]
[Site "Belgrade"]
[Date "2005.04.06"]
[Round "2"]
[White "Djukic, Slobodan"]
[Black "Radusinovic, Lazar"]
[Result "1-0"]
[WhiteElo "2214"]
[BlackElo "1975"]
[PlyCount "67"]
[EventDate "2005.04.05"]
[EventType "tourn"]
[EventRounds "5"]
[EventCountry "YUG"]
[SourceTitle "CBM 105 Extra"]
[Source "ChessBase"]
[SourceDate "2005.05.01"]
[SourceVersion "1"]
[SourceVersionDate "2005.05.01"]
[SourceQuality "1"]

1. e4 e5 2. Nf3 Nc6 3. Bb5 a6 4. Ba4 Nf6 5. 0-0 d6 6. d4 b5 7. Bb3 Bg4 8. c3 exd4 9. cxd4 Bxf3 10. gxf3 Be7 11. Nc3 0-0 12. Be3 Na5 13. Bc2 Nc4 14. Bc1 c5 15. Ne2 cxd4 16. Nxd4 Qc7 17. b3 Ne5 18. f4 Neg4 19. f3 Qc3 20. Nf5 Bd8 21. Bd2 Qc5+ 22. Kg2 Nh6 23. Be3 Qc7 24. Nxh6+ gxh6 25. Rc1 Qe7 26. Qd3 Bc7 27. Kh1 Rfc8 28. Bd4 Qd8 29. e5 dxe5 30. fxe5 Nd5 31. Qxh7+ Kf8 32. Qh8+ Ke7 33. Bc5+ Kd7 34. Bf5+ 1-0